La tolerancia / (Registro nro. 7913)
[ vista simple ]
| 000 -CABECERA | |
|---|---|
| Longitud fija campo de control | 00585nam a2200181 4500 |
| 003 - • IDENTIFICADOR DELl NÚMERO DE CONTROL | |
| Identificador del número de control | CO-ViMGA |
| 020 ## - • NÚMERO INTERNACIONAL NORMALIZADO PARA LIBROS | |
| Número Internacional Normalizado para Libros (ISBN) | 9786070503160 |
| 040 ## - FUENTE DE LA CATALOGACIÓN | |
| Centro catalogador de origen | CO-ViMGA |
| Lengua de catalogación | spa |
| Centro transcriptor | CO-ViMGA |
| 082 04 - • NÚMERO DE LA CLASIFICACIÓN DECIMAL DEWEY | |
| Número de clasificación (R) | 179.9 |
| Número del ítem | K65t |
| 100 1# - • PUNTO DE ACCESO PRINCIPAL-NOMBRE DE PERSONA | |
| Nombre de persona | Kolangui Nisanof, Tamara |
| 245 10 - • TITULO PROPIAMENTE DICHO | |
| Título | La tolerancia / |
| Resto del título | Guía de actividades para el docente / |
| Mención de responsabilidad, etc. | Tamara Kolangui Nisanof |
| 300 ## - • DESCRIPCIÓN FÍSICA | |
| Extensión | 142 p. : |
| Material Anexo | fot., 27.8 cm. |
| 500 ## - • NOTA GENERAL | |
| Nota general | Incluye índice |
| 504 ## - • NOTA DE BIBLIOGRAFÍA, ETC | |
| Nota de bibliografía, etc. | Incluye fuentes consultadas, referencias electrónicas. |
| 650 14 - • PUNTO DE ACCESO ADICIONAL DE MATERIA - TÉRMINO DE MATERIA | |
| Término de materia o nombre geográfico como elemento inicial | Tolerancia |
| Subdivisión de forma | ¿Qué es la tolerancia? |
| 942 ## - ENTRADA DE ELEMENTOS AGREGADOS (KOHA) | |
| Koha [por defecto] tipo de item | LIbro |
| Fuente de clasificaión o esquema | Dewey Decimal Classification |
| Perdido | Fuente de clasificación o esquema | Estado Físico | No para préstamo | Forma de adquisición | Localización permanente | Localización actual | Fecha adquisición | Coste, precio normal de compra | Préstamos totales | Signatura completa | Código de barras | Fecha última consulta | Número de copia | Fecha del precio de reemplazo | Tipo de item de Koha | Localización en estanterías |
|---|---|---|---|---|---|---|---|---|---|---|---|---|---|---|---|---|
| Dewey Decimal Classification | Sala General Segundo Piso | Biblioteca Pública Germán Arciniegas - Villavicencio | Biblioteca Pública Germán Arciniegas - Villavicencio | 09/03/2016 | 128000.00 | 179.9 K65t | 30623 | 09/03/2016 | Ej. 1 | 09/03/2016 | LIbro | |||||
| Dewey Decimal Classification | Colección General | Biblioteca Pública Medellin del Ariari - El Castillo | Biblioteca Pública Medellin del Ariari - El Castillo | 11/10/2024 | 179 - K64T | BM0001091 | 11/10/2024 | Ej.1 | 11/10/2024 | LIbro | General | |||||
| Dewey Decimal Classification | Colección General | Biblioteca Pública Rubí Ocampo Gaviria - La Julia - Uribe | Biblioteca Pública Rubí Ocampo Gaviria - La Julia - Uribe | 10/28/2025 | 179.9 K64t | JUL00139 | 10/28/2025 | Ej.1 | 10/28/2025 | LIbro | General |